000 00736nam a2200241Ia 4500
003 OSt
005 20220925212608.0
006 a|||||r|||| 00| 0
007 ta
008 220923b |||||||| |||| 00| 0 eng d
020 _a0 04 330276 9
037 _cGeneral Book
040 _aRTL
_cRTL
_beng
041 _2eng
_aeng
082 _aX:576, L6/TD3
100 _aFrenkel Jacob A Ed.
_9255091
245 0 _aMonetary approach to the balance of payments
260 _aLondon
_bAllen and Unwin
_c1976
300 _a388p. Bibliography: Chapterwise.
_ccm.
700 _a Johns On Harry G Ed.
_9277053
942 _hX:576, L6/TD3
_cGB
_2CC
999 _c560753
_d560753